000 nam a22 a 4500
999 _c11530
_d11530
003 BLK
005 20220926141741.0
008 180412b bul|||||r ||||||| ||bul||
010 _aKNG00013078000
040 _aBLK
041 _aBUL
_cBUL
080 _aПредавки с гъвкав елемент. Трансмисии. - Ремъчни, въжени, верижни предавки, шайби и др.
_b621.85
_x(075.8)
_z621.85(075.8)
100 1 _aДивизиев, Владимир Йорданов
_eпърви автор
_9256587
139 _aДивизиев, Владимир Й.
_bД 53
245 1 0 _aВъжени линии и кабелни кранове
_bУчебник за студентите от ВТУЗ
_cВладимир Й. Дивизиев.
250 _a2. осн. прераб. изд.
257 _aBGR
260 _aСофия
_bТехника
_c1975
300 _a383 с.
_bс черт., 4 отд. л. : черт.
_c22 см
380 _a62
500 _a1. изд. 1957. - Библиогр. с. 377-378
504 _a377-378
650 4 _aВъжени линии
_9151341
650 4 _aКранове, кабелни
_9256588
653 _aвъжени линии
653 _aкабелни кранове
653 _aучебници за ВУЗ
852 _aЦб 76141
_bЦб
856 4 _qpdf
_u
856 4 _qpdf
_u
942 _cKNG
_n0
_01
_s1
944 _aCR
_kГеновева_Генчева
944 _aED
_c2022-09-26
_kир
999 _d11530